MARC

LEADER 00000nam0a2200000 4500
001 299211
005 20231102001200.0
020 |a RU  |b 83-7460 
035 |a (RuTPU)RU\TPU\book\324363 
090 |a 299211 
100 |a 20150625d1982 km y0rusy5003 ca 
101 0 |a rus 
102 |a RU 
105 |a a z 000zb 
200 1 |a Паскаль  |f Б. Н. Тарасов 
205 |a 2-е изд. 
210 |a Москва  |c Молодая гвардия  |d 1982 
215 |a 334 с.  |c ил. 
225 1 |a Жизнь замечательных людей. Серия биографий  |a Вып. 15(599) 
600 1 |a Паскаль  |g Блез  |f 1623-1662  |b Б.  |c французский математик  |c физик  |c христианский философ  |c писатель  |2 stltpush  |3 (RuTPU)RU\TPU\pers\254 
606 1 |a Естествознание  |2 stltpush  |3 (RuTPU)RU\TPU\subj\68178  |9 83661 
610 1 |a Франция 
610 1 |a французская философия 
610 1 |a история 
610 1 |a биографии 
610 1 |a персоналии 
610 1 |a 17 век 
610 1 |a творчество 
675 |a 5(092)  |z rus  |v 4 
700 1 |a Тарасов  |b Б. Н.  |4 070 
801 0 |a RU  |b RuMRKP  |c 19950704  |g psbo 
801 1 |a RU  |b 63413507  |c 20150625 
801 2 |a RU  |b 63413507  |c 20170801  |g RCR 
942 |c BK